Normal view
MARC view
Entry Personal Name
001 - CONTROL NUMBER
- control field: 6980
003 - CONTROL NUMBER IDENTIFIER
- control field: BD-RjUL
005 - DATE AND TIME OF LATEST TRANSACTION
- control field: 20230214110120.0
008 - FIXED-LENGTH DATA ELEMENTS
- fixed length control field: 230214|| aca||aabn | a|a d
040 ## - CATALOGING SOURCE
- Original cataloging agency: BD-RjUL
- Transcribing agency: BD-RjUL
100 ## - HEADING--PERSONAL NAME
- Personal name: Clarke, J, Co-Supervisor
670 ## - SOURCE DATA FOUND
- Source citation: Work cat.: (BD-RjUL)81223: Khan, Jafar Reza,, Changing patterns of agricultural Land Use in renfrew Country, 1951 - 1971 /, 1977